000 00999nam a2200265Ia 4500
003 OSt
005 20220923211528.0
006 a|||||r|||| 00| 0
007 ta
008 220922b |||||||| |||| 00| 0 hin d
020 _a9789381484135 (hbk)
_c350
024 _a266,107
037 _b54, 12/06/2012, Eastern Book Linkers
_cTextual
040 _aARTS
_cARTS
_bhin
041 _2hin
_ahin
082 _aDelta2:864, 152Q2
100 _aकात्यायन, अभय
_9156358
245 0 _aप्रश्नज्ञानप्रदीपः
246 _aPrashnajnyānapradīpah
260 _aवाराणसी
_b चौखम्बा सुरभारती प्रकाशन
_c2012
300 _a208i`-
_ccm.
650 _aआध्यात्मिक अनुभव और रहस्यवाद
942 _hDelta2:864, 152Q2
_cTEXL
_2CC
999 _c300468
_d300468